00819nam a2200241 a 450000100100000000500170001000800410002702000150006804000230008308200180010610000430012424500520016726000540021930000210027358600290029450000430032365000280036665000310039491000070042504900090043295201210044199900150056200000804920200929154417.0840111s1997 sp 000 f spa d a8440719825 aDO-SdBNPcDLCdDLC a863.6bC392ma1 aCela, Camilo José,d1916-2002.9318810aMazurca para dos muertos /cCamilo José Cela. aBarcelona :bClub Internacional del Libro,c1997. a315 p. ;c21 cm. a"Premio Cervantes 1995". aIncluye vocabulario gallego-castellano 4aNovela española91123 4aLiteratura española9632 aWM aBNGR 001054708MOaGRbGRcHDd2009-09-14iLF1l0o863.6 C392map8049-10r2020-06-25w2020-06-25y4ZPréstamo en sala c7826d7826